| 000 | 00527nam a22001937a 4500 | ||
|---|---|---|---|
| 003 | MPLRDC | ||
| 005 | 20220104154546.0 | ||
| 008 | 210129b ||||| |||| 00| 0 eng d | ||
| 020 | _a957-8302-02-9 | ||
| 082 | _a947.41 DILB v.2 | ||
| 100 | _aSCOTT ADAMS | ||
| 245 |
_a白痴在开会, 所以我不在 _c王悦燕译 |
||
| 250 | _a初版 | ||
| 260 |
_a台湾 _b经典传讯文化股份有限公司 _c1998 |
||
| 300 | _b221 | ||
| 490 | _aDILBERT 呆伯特企管漫画. 2 | ||
| 650 | _a漫画 | ||
| 942 |
_cBK _o947.41 DILB v.2 |
||
| 999 |
_c54047 _d54037 |
||